Diagnóstico bioquímico de las enfermedades internas / (Record no. 139879)

MARC details
000 -LEADER
campo de control de longitud fija 00703nam a2200193 4500
001 - NÚMERO DE CONTROL
campo de control 139879
003 - IDENTIFICADOR DE NÚMERO DE CONTROL
campo de control ES-MaACL
005 - FECHA Y HORA DE LA ÚLTIMA TRANSACCIÓN
campo de control 20230906195933.0
007 - CAMPO FIJO DE DESCRIPCIÓN FÍSICA--INFORMACIÓN GENERAL
campo de control de longitud fija t|
008 - DATOS DE LONGITUD FIJA--INFORMACIÓN GENERAL
campo de control de longitud fija 070214s1968 sp r ||||1| spa d
245 00 - MENCIÓN DEL TÍTULO
Título Diagnóstico bioquímico de las enfermedades internas /
Mención de responsabilidad, etc. D. Doering [et. al.] ; directores R. Schoen, H. Südhof ; traducción de la segunda edición alemana por el Dr. Juan Díaz Vázquez.
260 ## - PUBLICACIÓN, DISTRIBUCIÓN, ETC.
Lugar de publicación, distribución, etc. Barcelona :
Nombre del editor, distribuidor, etc. Científico Médica,
Fecha de publicación, distribución, etc. 1968.
300 ## - DESCRIPCIÓN FÍSICA
Extensión XX, 633 p. :
Otras características físicas il. ;
Dimensiones 25 cm.
700 1# - ENTRADA AGREGADA--NOMBRE PERSONAL
Nombre de persona Doering, D.
9 (RLIN) 44990
700 1# - ENTRADA AGREGADA--NOMBRE PERSONAL
Nombre de persona Schoen, Rudolf.
9 (RLIN) 104606
700 1# - ENTRADA AGREGADA--NOMBRE PERSONAL
Nombre de persona Südhof, H.
9 (RLIN) 108718
700 1# - ENTRADA AGREGADA--NOMBRE PERSONAL
Nombre de persona Díaz Vázquez, J.
9 (RLIN) 44450
852 ## - LOCALIZACIÓN
Ubicación ES-MaACL
Número de control de estantería C-34533
Sublocalización o colección R.67026
Holdings
Estatus retirado Estado de pérdida Estado de daño No para préstamo Biblioteca de origen Biblioteca actual Ubicación en estantería Fecha de adquisición Fuente de adquisición Total de préstamos Signatura topográfica completa Código de barras Visto por última vez Precio de reemplazo Tipo de ítem Koha
        Biblioteca del Ateneo de Madrid Biblioteca del Ateneo de Madrid Depósito 2 17/01/2008     C-34533 1145561 23/02/2023 23/02/2023 Libro impreso